=LDR 00000nam 2200000 4500 =001 INLIS000000000025154 =005 20130612123702 =008 ***********************************Ind** =035 ##$$0010-061300000025154 =041 ##$$a Ind =082 ##$$a 398.3 =090 ##$$a 398.3, Rah d =100 ##$$a Rahimsyah, AR.MB =245 ##$$a Dongeng anak muslim, Tongkat Ajaib, MB Rahimsyah .AR =260 ##$$a 200? $b Surabaya =300 ##$$a 112 hlm, ilus, 21 cm =650 ##$$a Islam =650 ##$$a Dongeng =850 ##$$a NBPNMAT